00623nam a2200157Ia 4500008004100000040001600041041001200057082001400069100002200083245017000105260004000275300001000315942000700325952011400332999001900446230917s9999||||xx |||||||||||||| ||und|| e53256aMAIN aEnglish aB N315N:N aNehru, Jawaharlal 0aNehru the first sixty years: Presenting in his own words the development of the political thought of Jawaharlal Nehru and the background against which it evolved, V2 aBombaybAsia Publishing Housec1965 av. p. cBK 0010406B_N315NN709319555aMAINbMAINd2002-12-16l0oB N315N:Np4687r2023-09-17 21:56:55w2023-09-17yBK c189974d189974